| 000 | 00780nam a2200229 a 4500 | ||
|---|---|---|---|
| 005 | 20240925064538.0 | ||
| 008 | 030604s1998 mx r 000 0 spa d | ||
| 020 | _a8479602325 | ||
| 035 | _aUPN01000125037 | ||
| 049 | _aCG | ||
| 050 | 4 |
_aLB1590.3 _bL5.68 1998 |
|
| 100 | 1 |
_aLipman, Matthew, _d1922-2010 _929038 |
|
| 245 | 1 | 0 |
_aPensamiento complejo y educación / _cMatthew Lipman ; tr. introd. y notas Virginia Ferrer cerveró. |
| 250 | _a2a ed. | ||
| 260 |
_aMadrid : _bEdiciones de la Torre, _c1998. |
||
| 300 | _a366 p. | ||
| 440 | 0 |
_aProyecto Didáctico Quirón ; _v43. _pPrograma filosofía para niños |
|
| 534 |
_pTraducción de: _tThinking in education |
||
| 650 | 4 |
_aPensamiento creativo (Educación) _95414 |
|
| 650 | 4 |
_aPensamiento crítico _95620 |
|
| 905 | _aLibro | ||
| 999 |
_c97216 _d97216 |
||